000 00237 a2200097 4500
001 13314
100 _aLevitin,A
245 _aIntroduction to the design & analysis of algorithms
260 _a
_bPearson eduction
_c
090 _c10331
_d10331
942 _aNUST-CAE
_cM
_c372
999 _c248387
_d248387